Vztah stupně diferenciace buněk tkáňové kultury máku setého, Papaver somniferum L. k tvorbě opiových alkaloidů

Bibliographic Details
Main Authors: Kyseláková, D. (Author), Wetterová, E. (Author), Zurynková, I. (Author)
Format: Article
Language:Czech
PhysicalDescription:Obr. 5., lit. 5 zázn. v slov., ruš., angl.
Subjects:

MARC

LEADER 00000nab a2200000 a 4500
001 vtls000178406
003 SK-MaSNL
005 20260304174023.0
008 220422c1983 xo 0 cze
015 |a SNBRA19rr/mm-uuuuu 
035 |a CL0188519 
040 |a SNKBUCL  |b slo  |c SNKBUCL  |e AACR2 
041 0 |a cze 
044 |a xo  |c SK 
080 |a 615.322  |2 1981 
100 1 |a Kyseláková, D.  |4 aut  |9 1504942 
245 1 0 |a Vztah stupně diferenciace buněk tkáňové kultury máku setého, Papaver somniferum L. k tvorbě opiových alkaloidů  |c D. Kyseláková, E. Wetterová, I. Zurynková 
300 |b Obr. 5., lit. 5 zázn. v slov., ruš., angl. 
650 0 7 |a alkaloidy  |2 snkbucl  |9 22122 
650 0 7 |a mak siaty  |2 snkbucl  |9 79176 
650 0 7 |a bunky tkanivové  |2 snkbucl  |9 940091 
655 7 |a články zo zborníkov  |2 snkbucl  |9 166140 
700 1 |a Wetterová, E.  |4 aut  |9 1504943 
700 1 |a Zurynková, I.  |4 aut  |9 1504944 
773 0 |t Zborník vybratých víťazných prác z fakultných kôl ŠVOČ v šk. r. 1976-77 z prírodoved. odborov  |d Bratislava : SPN, 1983  |g S. 79-87 
850 |a Slovenská národná knižnica v Martine  |a MTA001 
852 |a SNK  |b KIS3GCP 
958 |a NB 
958 |a RK 
958 |a ME 
992 |a RZB 
999 |c 3006721  |d 3008651